The international classification of sleep disorders : (Record no. 3732)

000 -LEADER
fixed length control field 00852nam a2200241 a 4500
003 - CONTROL NUMBER IDENTIFIER
control field ALUPE UNIVERSITY COLLEGE
005 - DATE AND TIME OF LATEST TRANSACTION
control field 20220203082638.0
008 - FIXED-LENGTH DATA ELEMENTS--GENERAL INFORMATION
fixed length control field 970312s2001 mnu b 001 0 eng
020 ## - INTERNATIONAL STANDARD BOOK NUMBER
International Standard Book Number 0965722007
040 ## - CATALOGING SOURCE
Transcribing agency ALUPE UNIVERSITY COLLEGE
050 00 - LIBRARY OF CONGRESS CALL NUMBER
Classification number RC547
Item number .I58 1997
245 04 - TITLE STATEMENT
Title The international classification of sleep disorders :
Remainder of title diagnostic and coding manual.
250 ## - EDITION STATEMENT
Edition statement Rev. ed.
260 ## - PUBLICATION, DISTRIBUTION, ETC.
Place of publication, distribution, etc. Rochester, MN :
Name of publisher, distributor, etc. American Sleep Disorders Association,
Date of publication, distribution, etc. 2001, c1990, 1997
300 ## - PHYSICAL DESCRIPTION
Extent xiv, 401 p. ;
Dimensions 26 cm.
500 ## - GENERAL NOTE
General note Classification outline on endpapers
504 ## - BIBLIOGRAPHY, ETC. NOTE
Bibliography, etc. note Includes bibliographical references and index.
650 #0 - SUBJECT ADDED ENTRY--TOPICAL TERM
Topical term or geographic name entry element Sleep disorders
General subdivision Diagnosis
650 #0 - SUBJECT ADDED ENTRY--TOPICAL TERM
Topical term or geographic name entry element Sleep disorders
General subdivision Classification
942 ## - ADDED ENTRY ELEMENTS (KOHA)
Source of classification or shelving scheme
Koha item type Book
Suppress in OPAC PW
Holdings
Withdrawn status Lost status Source of classification or shelving scheme Damaged status Not for loan Permanent Location Current Location Shelving location Date acquired Source of acquisition Total Checkouts Full call number Barcode Date last seen Price effective from Koha item type Public note
          AU LIBRARY AU LIBRARY Open Shelf 03.02.2022 DONATION FROM MOI UNIVERSITY   RC547 .I58 1997 28005123 03.02.2022 03.02.2022 Book PW

Powered by Koha